Coptic gnostic papyri in the Coptic Museum at Old Cairo /

محفوظ في:

مؤلف مشترك: Mathaf al-Qibti.

مؤلفون آخرون: Labib, Pahor.

التنسيق: كتاب

اللغة: English
Coptic

منشور في: Cairo : Government Press, 1956-

الموضوعات:

الوسوم: إضافة وسم

لا توجد وسوم, كن أول من يضع وسما على هذه التسجيلة!

رقم الطلب: PJ2197 .C17 v.1

LEADER 00667nam a22002297a 4500
003 OSt
005 20251110072026.0
008 251110m19569999ua h f000 0 eng d
040 |c ARCE Library 
041 0 |a eng  |a cop 
050 1 4 |a PJ2197  |b .C17 v.1 
110 2 |a Mathaf al-Qibti. 
245 1 0 |a Coptic gnostic papyri in the Coptic Museum at Old Cairo /   |c by Pahor Labib. 
264 1 |a Cairo :   |b Government Press,   |c 1956- 
300 |a volumes :   |b facsimiles ;   |c 24 cm. 
530 |a Also issued online. 
650 0 |a Coptic manuscripts (Papyri)  |v Facsimiles. 
650 0 |a Gnosticism. 
700 1 |a Labib, Pahor. 
901 |a reviewed 
942 |2 lcc  |c BK 
999 |c 56859  |d 56859